Paesi membri del G7 - Statistics

Statistiche generali
  • Questo quiz è stato fatto 46 volte
  • Il punteggio medio è 7 su 7
Statistiche sulle risposte
NAZIONI % Corretto
Francia
100%
Italia
100%
Regno Unito
100%
Germania
95%
Usa
95%
Canada
93%
Giappone
93%
Nessun quiz corrispondente trovato
Distribuzione punteggi
Percentuale di utenti per punteggio
Percentile per numero di risposta
I tuoi punteggi nel tempo
Non hai fatto questo quiz